4 - 2 = 0 : μυθιστόρημα
Αποθηκεύτηκε σε:
| Κύριος συγγραφέας: | |
|---|---|
| Μορφή: | Βιβλίο |
| Γλώσσα: | Greek |
| Δημοσίευση: |
Αθήνα :
Καστανιώτης,
1979.
|
| Θέματα: | |
| Ετικέτες: |
Προσθήκη ετικέτας
Δεν υπάρχουν, Καταχωρήστε ετικέτα πρώτοι!
|
MARC
| LEADER | 00000cam a2200000 i 4500 | ||
|---|---|---|---|
| 001 | 1/15350 | ||
| 008 | 111004s1979####gr | ||| |||| ||gre|| | ||
| 035 | |l 10110947 | ||
| 040 | |a GR-MyUA |b gre |e AACR2 | ||
| 041 | 0 | |a gre | |
| 082 | 0 | |a 889.3 |2 (22) | |
| 100 | 1 | |a Καρατζαφέρη, Ιωάννα. | |
| 245 | 1 | 0 | |a 4 - 2 = 0 : |b μυθιστόρημα / |c Ιωάννα Καρατζαφέρη. |
| 260 | |a Αθήνα : |b Καστανιώτης, |c 1979. | ||
| 300 | |a 240 σ. ; |c 21 εκ. | ||
| 650 | 0 | 0 | |a Greek fiction, Modern. |
| 852 | |a INST |b SAMOS |e 20111004 |h 889.3 ΚΑΡ |p 005300032485 |q 005300032485 |t BK |y 0 | ||
| 901 | |a BIBL3-2011-2 | ||
| 909 | |a Σ |b 167423 | ||
| 970 | |a Γουβάλα |b Βάσω |z 2011/10/04 | ||